Statistics for Fictional dogs

Click here to take the quiz!

General Stats

  • This quiz has been taken 15 times
  • The average score is 8 of 15

Answer Stats

HintAnswer% Correct
Dog from family guyBrian
91%
Mickey Mouse's dogPluto
91%
Stretchy dog from toy storySlinky
91%
Dog owned by DorothyToto
91%
Dog named after famous composerBeethoven
73%
Owen Wilson's dogMarley
64%
Dog from 2007 Disney filmBolt
55%
Harry Potter teacher who can turn into a WerewolfLupin
45%
Annie's dog
Sandy
45%
Street dog who hits above his classTramp
36%
Wendy Darling's dogNanny
27%
Dog from Diary of a Wimpy KidSweety
27%
Dog from 101 DalamtionsPatch
18%
Christmas dog owned by SanatSanta Paws
18%
Super-hero dog from 2009 filmSuper-dog
9%

Score Distribution

Percentile by Number Answered

Percent of People with Each Score

Your Score History

You have not taken this quiz